000 00661nam a2200289Ia 4500
005 20260324120542.0
008 008 260324s9999 xx 000 0 eng d
020 _a9781315817293
037 _aEBOOK
040 _aCRL
040 _beng
040 _cCRL
041 _2eng
041 _aeng
084 _qCRL
100 _aPhilip Birch
_91159027
245 0 _aWhy Men Buy Sex
245 0 _bExamining sex worker clients
260 _bTaylor and Francis
260 _c2015
365 _a
365 _b255
856 _uhttp://www.taylorfrancis.com/books/9781315817293
942 _cEBOOK
999 _c1750628
_d1750628